000
00303nam a2200097Ia 4500
082
_a
306.47 SPER
245
0
_a
Famous works of art in popular culture : a reference guide
100
_a
SPERLING, Lynda Joy Westport, Conn., 2003
_9
75521
942
_c
BK
008
210817s9999 xx 000 0 und d
999
_c
249936
_d
249935